Datum a čas kvízu
17.5
Celkem bodů
Celkový počet nahraných bodů na tomto kvízu bez doplňovacích otázek.
10.
Pořadí na kvízu
Konečné umístění týmu na tomto kvízu.
Zaznamenané odpovědi
| # | Otázka | Odpověď | Body | Výsledky |
|---|---|---|---|---|
| 1. | Jedno naše město bojuje proti... | Brno | 0 | |
| 2. | Jak se jmenuje město, které by... | Vladivostok | 0 | |
| 3. | Vzácná kytara, kterou si zakou... | George Harrison | 0 | |
| 4. | Filipínský prezident Rodrigo D... | Kanada | 0 | |
| 5. | Petra Kvitová se na antukovém... | Stuttgart | 1 | |
| 6. | Na obrázku vidíme jedno z nejs... | Frísko | 0 | |
| 7. | Jak se jmenuje bývalá nizozems... | Beatrix | 1 | |
| 8. | Nizozemsko se může pyšnit slav... | Hieronymus Bosch | 0 | |
| 9. | Nadnárodní společnost, která s... | Ahold | 1 | |
| 10. | Mezi nejoblíbenější sporty v N... | Hendrik Johannes Cruijff (Johan Cruyff) | 1 |